The law practice of commercial arbitration in England

Bibliographic Details
Main Author: Mustill, Michael J.
Other Authors: Boyd, Stewart C.
Format: Book
Published: London : Butterworth , 1982
Subjects:

MARC

LEADER 00000cam a2200000 7i4500
001 0000002741
005 20050426.0
020 |a 0406311218 
040 |a INS 
090 0 0 |a RKD7645.   |b M87 1982 
100 1 |a Mustill, Michael J. 
245 1 4 |a The law practice of commercial arbitration in England   |c Michael J. Mustill 
260 |a London :   |b Butterworth ,   |c 1982 
300 |a ixxiv, 727p. ;   |c 24 cm. 
650 0 0 |a Arbitration and award   |z England 
700 1 |a Boyd, Stewart C. 
999 |a 0000000838   |b BOOK   |c Reference   |e Default branch